Statistics for Pink Floyd - The Final Cut

Click here to take the quiz!

General Stats

  • This quiz has been taken 6 times
  • The average score is 10 of 12

Answer Stats

Answer% Correct
11Not Now John
100%
10The Final Cut
100%
5The Gunner's Dream
100%
1The Post War Dream
100%
6Paranoid Eyes
83%
8The Fletcher Memorial Home
83%
12Two Suns in the Sunset
83%
7Get Your Filthy Hands Off My Desert
67%
3One of the Few
67%
9Southampton Dock
67%
4The Hero's Return
67%
2Your Possible Pasts
67%

Score Distribution

Percentile by Number Answered

Percent of People with Each Score

Your Score History

You have not taken this quiz